| 000 | 00505nam a2200157Ia 4500 | ||
|---|---|---|---|
| 008 | 160316s2013 xxu||||| |||| 00| 0 eng d | ||
| 082 |
_a348.000000 _bMAL |
||
| 100 | _aMalimath V S | ||
| 245 | _aTwenty eight Report : Reference by the high court of karnataka in writ petition | ||
| 250 | _a | ||
| 260 |
_aBangalore _bGovernment of Karnataka, Law Commission of Karnata _c2013 |
||
| 300 |
_a17p _b _c |
||
| 365 | _bGratis | ||
| 650 | _a1. Law Commssion of Karnataka 2. Malimath V S Chariman | ||
| 700 |
_a _a |
||
| 999 |
_c35907 _d35907 |
||